000 00323nam a2200157Ia 4500
100 _aUyemura/John P
650 _aVLSI
942 _cBK
366 _f27
245 _aIntroduction to VLSI circuits and systems
260 _bWiley
_c2002
082 _a621.395
_bUYE
300 _a642
546 _aENGLISH
999 _c34520
_d34520